MDQL
is popping MORE tags! Check the
thread
!
Quizzes
Events
Quiz Creation
Community
Videos
Private Events
Remove Ads
Sign In
Join for FREE
Feedback
Dark Mode
Quiz Categories
Sports
Geography
Music
Movies
Television
Just For Fun
Miscellaneous
History
Literature
Language
Science
Gaming
Entertainment
Religion
Holiday
For Kids
Quiz Lab
Recent
Popular Today
Quiz Kudos Today
Editor Picks
Curator Picks
Quizzes by...
Day
Popularity
Type
Ratings
Length
Year
Community
Subscriptions
Recent Discussions
Orange Saloon
Badges
Playlists
Quests
Create
Leaderboards
Showdown
Live 5
Trivia Bingo
Activity
Puzzle Library
Sporcle Events
Private Events
Virtual Trivia
Globe League
Become a Host
Pub Owners
SporcleCon
Opinionation
Our Games
Videos
Blog
Mobile Apps
Partnerships
Remove Ads and Go Orange
Feedback
Movies
Disney
Marvel Cinematic Universe
Movie Resume
Movie Titles
Oscar
Actor
Actress
Director
Pixar
Role
Movie Quotes
Movie Characters
Box Office
Nominee
Best Picture
Star Wars
James Bond
Horror Movies
Movies
Disney
Marvel Cinematic Universe
Movie Resume
Movie Titles
Oscar
Actor
Actress
Director
Pixar
Role
Movie Quotes
Movie Characters
Box Office
Nominee
Best Picture
Star Wars
James Bond
Horror Movies
Random Quiz
Search Sporcle
×
Quiz Lab
Quiz Lab
Movies
imdb
Type in answers that appear in a list
Type in answers that appear in a list
Classic
Best Score? Go Orange.
IMDB top 50 films of the 80's Stats
Can you name the IMDB top 50 films of the 80's?
By
NinjaJihad
7m
50 Questions
924 Plays
924 Plays
924 Plays
Comments
Comments
Give Quiz Kudos
Give Quiz Kudos
-
- Ratings
hide this ad
Replay
Link that replays current quiz
Next Quiz
Link to next quiz in quiz playlist
You Got
0%
They Got
Avg Score
34%
Avg Friend Score
Upgrade to see
Score Distribution
Jump to the score distribution portion of the page
Score
0/50
Timer
07:00
0
Plays Today
#
Film
% Correct
11
Back to the Future
87.4%
1
Star Wars: Episode V - The Empire Strikes Back
84.4%
4
Aliens
84.1%
14
Star Wars: Episode VI - Return of the Jedi
81%
2
Raiders of the Lost Ark
80.8%
23
The Terminator
80.7%
16
Die Hard
80.4%
3
The Shining
73.1%
7
Raging Bull
67.6%
19
Gandhi
63.1%
18
Platoon
62.7%
24
Scarface
61.3%
13
Indiana Jones and the Last Crusade
61.1%
20
Stand by Me
59.5%
42
Rain Man
58.9%
15
Blade Runner
58%
10
Amadeus
45.6%
12
Full Metal Jacket
38.8%
27
The Princess Bride
38.2%
40
Brazil
37.9%
8
The Elephant Man
37.1%
22
The Thing
35%
5
Das Boot
29.3%
49
This Is Spinal Tap
27.5%
17
Ran
26.9%
#
Film
% Correct
43
The Untouchables
24.8%
46
Hannah and Her Sisters
24.5%
9
Once Upon a Time in America
23%
34
Glory
21.9%
6
Nuovo cinema Paradiso
18%
30
Tonari no Totoro
13%
36
Crimes and Misdemeanors
12.8%
48
Paris, Texas
12.3%
37
Der Himmel über Berlin
12%
29
Fanny och Alexander
10.8%
38
Fitzcarraldo
10.3%
21
Hotaru no haka
8.8%
47
The Killer
8.6%
39
A Christmas Story
7.6%
41
The Killing Fields
7.5%
50
Kagemusha
7%
25
Au revoir les enfants
6%
33
Tenkû no shiro Rapyuta
5.3%
26
Idi i smotri
5.2%
45
Jean de Florette
5.2%
32
Kaze no tani no Naushika
4.8%
35
Manon des sources
2.8%
44
Spoorloos
2.3%
31
Dom za vesanje
1%
28
Breaker Morant
0.9%
Quiz Playlist
Details
Report
Send in Message
Add To Playlist
Classic:
Type in answers that appear in a list
Quiz Source
Last Updated: Feb 16, 2017
Quiz Scoreboard
CHALLENGE
Sign Up to Join the Scoreboard
Show All
Scores
Hide
Comments
May contain spoilers
Recently Published
Image Sorting: Flags VI
by Barbecue
Geography
2m
Find the 'City' Movie
by crazypaving
Movies
60s
Colored Red Africa Blitz
by spor1
Geography
45s
More to Explore
Quiz From the Vault
Featured Blog Post
14 Easter Pick-up Lines to Find Eggs With
hide this ad
You Might Also Like...
Tags
imdb
Today's Top Quizzes in Movies
Browse Movies
hide this ad
Today's Top Quizzes in imdb
Browse imdb
Top Contributed Quizzes in Movies
1
Find The 'Big' Movie
2
Find The 'Wild' Movie
3
Find The 'Blue' Movie
4
Movies By Plot
5
Hidden Star Wars Character II
6
Pick 5 Posters: Directed by Spielberg
7
The ultimate James Bond movie quiz
8
Hidden Star Wars Character III
9
Hidden Star Wars Character IV
10
25 Best Actor Nominees (1990s)
Explore More
Trending Topics
Anime
NBA
Kpop
Crossword
Disney
Harry Potter
Marvel
Pokémon
Country
WWE
Puzzle
Soccer
NFL
The Office
Song
hide this ad
More By:
NinjaJihad
Quiz
Plays
Rating
Category
Featured
Created
Former Manchester United players
3,820
3.85
Sports
Mar 16, 2010
IMDB Top 50 Films of the 90's
1,108
3.78
Movies
Mar 3, 2010
IMDB top 50 films of the 80's
924
4.22
Movies
Mar 7, 2010
Ireland's most capped players
594
3.40
Sports
Feb 18, 2010
Eurovision winning nations
563
5.00
Music
Feb 19, 2010
Go to Creator's Profile
Score Distribution
Quiz Creator Spotlight
NinjaJihad
Follow
Send a Message
Quizzes Created
-
Created Quiz Play Count
-
More By This Creator
Popular Quizzes Today
1
Colored Red Africa Blitz
2
Find the US States - No Outlines Minefield
3
Find the 'City' Movie
4
5x2 Blitz: Bands
5
The Countries of the World
6
Find the US States
7
Find the Countries of Europe - No Outlines Minefield
8
US States
More Movies Quizzes
Mixed up Movies - Opening Scenes 1
Editor's Pick
Trending Quizzes
Colored Red Europe Blitz I
Colored Red Europe Blitz II
Colored Red Africa Blitz II
Colored Red Europe Blitz III
Colored Red Africa Blitz III
Recently Updated
How Do You Spell That?
pecheneg
Godzilla Movies
pecheneg
Grab Bag: 4-10 Letters
pecheneg
2024 March Madness Bracket
pecheneg
Famous TV Couples
Peacemaker
Champions League XIs: Real Madrid
pecheneg
Largest US Cities 1790-2010
pecheneg
Rides in Walt Disney World
pecheneg
Most Oscar Losses (Acting)
pecheneg
Beyoncé Albums
pecheneg
Trending Topics
Kpop
Harry Potter
Marvel
Crossword
Anime
NBA
Disney
Pokémon
Country
Puzzle
WWE
Soccer
The Office
Song
NFL
Your Account Isn't Verified!
In order to create a playlist on Sporcle, you need to verify the email address you used during registration. Go to your
Sporcle Settings
to finish the process.
Report this User
Report this user for behavior that violates our
Community Guidelines
.
Details:
Send Report
Go to the Sporcle.com Mobile Site →
Comments